Who's who in Christianity (Record no. 4332)

MARC details
000 -LEADER
fixed length control field 00395nam a2200157Ia 4500
020 ## - INTERNATIONAL STANDARD BOOK NUMBER
ISBN 0-415-26034-5
082 ## - DEWEY DECIMAL CLASSIFICATION NUMBER
Classification number RR 920.923 CHO-W
100 ## - MAIN ENTRY--AUTHOR NAME
Personal name Cohn-Sherbok, Lavinia
245 #0 - TITLE STATEMENT
Title Who's who in Christianity
260 ## - PUBLICATION, DISTRIBUTION, ETC. (IMPRINT)
Place of publication London
Name of publisher Routledge
Year of publication 2002
300 ## - PHYSICAL DESCRIPTION
Number of Pages xvi, 361
440 ## - SERIES STATEMENT/ADDED ENTRY--TITLE
Title Roultedge who's who series
650 ## - SUBJECT ADDED ENTRY--TOPICAL TERM
Topical Term Christian biography
650 ## - SUBJECT ADDED ENTRY--TOPICAL TERM
Topical Term Religious biography
942 ## - ADDED ENTRY ELEMENTS (KOHA)
Koha item type Books
Holdings
Withdrawn status Lost status Damaged status Not for loan Home library Current library Date acquired Source of acquisition Bill Date Full call number Accession Number Price effective from Koha item type
        NASSDOC Library NASSDOC Library 13/09/2005 Gifted by : North-East Gender and Minori 2005-07-15 RR 920.923 CHO-W 40948 18/04/2019 Books